000 00596nam a22002537a 4500
003 UA-OsUOA
001 25362
007 ta
008 20040402b un ||||| |||| 00| 0 ukr d
100 _aПанарин И.И.
090 _a659.2
_bП16
942 _cBK
040 _aUA-OsUOA
_brus
_cUA-OsUOA
_dUA-OsUOA
245 _aТехнология информационной войны
300 _a320 с.
955 _a0
041 _arus
080 _a659.2
020 _a5-89692-084-9
260 _aМосква
_bКСП+
_c2003
044 _aRU
650 7 _2UDC
999 _c311655
_d311655